000 00704nam a2200289Ia 4500
005 20260324121351.0
008 008 260324s9999 xx 000 0 eng d
020 _a9781003551393
037 _aEBOOK
040 _aCRL
040 _beng
040 _cCRL
041 _2eng
041 _aeng
084 _qCRL
100 _aSean Patrick Adams
_91162235
245 4 _aThe American Coal Industry 1790-1902, Volume I
245 0 _bCoal and the New Nation, 1790-1835
260 _bTaylor and Francis
260 _c2014
365 _a
365 _b195
856 _uhttp://www.taylorfrancis.com/books/9781003551393
942 _cEBOOK
999 _c1754294
_d1754294